|
|
|
|
| LEADER |
00000nab a2200000 a 4500 |
| 001 |
vtls008963185 |
| 003 |
SK-MaSNL |
| 005 |
20260303070742.0 |
| 008 |
070302 1977 xo 000 0 slo |
| 015 |
|
|
|a SNBRB1977
|
| 040 |
|
|
|a SNKBUCL
|b slo
|c SNKBUCL
|e AACR2
|
| 041 |
0 |
|
|a slo
|
| 044 |
|
|
|a xo
|c SK
|
| 080 |
|
|
|a 141.45
|2 2001
|
| 080 |
|
|
|a 21/29-1/-9
|2 2001
|
| 100 |
1 |
|
|a Lamoš, Jozef
|4 aut
|9 418226
|
| 245 |
1 |
0 |
|a Myšlienky o vedeckom ateizme
|b Lunačarskij A. V. "O ateizme a náboženstve", výber prác
|c Jozef Lamoš
|
| 650 |
0 |
7 |
|a ateizmus
|2 snkbucl
|9 1912
|
| 650 |
0 |
7 |
|a náboženstvo
|2 snkbucl
|9 2023
|
| 650 |
0 |
7 |
|a vedecký ateizmus
|2 snkbucl
|9 82962
|
| 655 |
|
7 |
|a recenzie
|2 snkbucl
|9 21907
|
| 655 |
|
7 |
|a monografie
|2 snkbucl
|9 70139
|
| 773 |
0 |
|
|t Nové slovo
|g Roč. 19, č. 5 (1977), s. 16
|
| 787 |
0 |
8 |
|i Rec.:
|a Lunačarskij A. V.
|t O ateizme a náboženstve
|
| 958 |
|
|
|a RC
|
| 999 |
|
|
|c 1756776
|d 1758706
|